La Banca-Assicurazione /

Guardado en:
Autor Principal: Mezzasoma, Lorenzo.
Otros Autores: Belluci, Andrea., Candian, Albina., Corrias, Paoloefisio., Landini, Sara., Llamas Pombo, Eugenio.
Formato: Libro
Idioma:Italian
Publicado: Napoli : Edizione Scientifiche Italiane, 2017.
Materias:
Etiquetas: Agregar Etiqueta
Sin Etiquetas, Sea el primero en etiquetar este registro!
LEADER 00727nam a22002295a 4500
001 DER.der013825
008 190423s2017####it############000#0#ita#d
005 20251203162116.0
245 1 0 |a La Banca-Assicurazione /  |c a cura di Lorenzo Mezzasoma, Andrea Bellucci, Albina Candian … [et al.]. 
260 |a Napoli :  |b Edizione Scientifiche Italiane,  |c 2017. 
300 |a 642 p. 
020 |a 9788849533163 
100 1 |a Mezzasoma, Lorenzo. 
700 1 |a Belluci, Andrea. 
700 1 |a Candian, Albina. 
700 1 |a Corrias, Paoloefisio. 
700 1 |a Landini, Sara. 
700 1 |a Llamas Pombo, Eugenio. 
653 |a DERECHO BANCARIO 
650 7 |a SEGUROS 
650 7 |a SEGURO BANCARIO 
859 |a DERECHO  |b BIB. DERECHO  |h 346.086  |i MEZ  |p 008913